<?xml version="1.0" encoding="UTF-8"?><?xml-stylesheet type="text/xsl" href="static/style.xsl"?><OAI-PMH xmlns="http://www.openarchives.org/OAI/2.0/" xmlns:xsi="http://www.w3.org/2001/XMLSchema-instance" xsi:schemaLocation="http://www.openarchives.org/OAI/2.0/ http://www.openarchives.org/OAI/2.0/OAI-PMH.xsd"><responseDate>2026-04-13T02:18:45Z</responseDate><request verb="GetRecord" identifier="oai:www.recercat.cat:20.500.12327/4607" metadataPrefix="marc">https://recercat.cat/oai/request</request><GetRecord><record><header><identifier>oai:recercat.cat:20.500.12327/4607</identifier><datestamp>2025-10-22T11:33:32Z</datestamp><setSpec>com_2072_4428</setSpec><setSpec>com_2072_4427</setSpec><setSpec>col_2072_487898</setSpec></header><metadata><record xmlns="http://www.loc.gov/MARC21/slim" xmlns:dcterms="http://purl.org/dc/terms/" xmlns:xsi="http://www.w3.org/2001/XMLSchema-instance" xmlns:doc="http://www.lyncode.com/xoai" xsi:schemaLocation="http://www.loc.gov/MARC21/slim http://www.loc.gov/standards/marcxml/schema/MARC21slim.xsd">
   <leader>00925njm 22002777a 4500</leader>
   <datafield ind2=" " ind1=" " tag="042">
      <subfield code="a">dc</subfield>
   </datafield>
   <datafield ind2=" " ind1=" " tag="720">
      <subfield code="a">Lipan, Leontina</subfield>
      <subfield code="e">author</subfield>
   </datafield>
   <datafield ind2=" " ind1=" " tag="720">
      <subfield code="a">Cano-Lamadrid, Marina</subfield>
      <subfield code="e">author</subfield>
   </datafield>
   <datafield ind2=" " ind1=" " tag="720">
      <subfield code="a">Issa-Issa, Hanán</subfield>
      <subfield code="e">author</subfield>
   </datafield>
   <datafield ind2=" " ind1=" " tag="720">
      <subfield code="a">Muñoz, Carmen</subfield>
      <subfield code="e">author</subfield>
   </datafield>
   <datafield ind2=" " ind1=" " tag="720">
      <subfield code="a">Hernández, Francisca</subfield>
      <subfield code="e">author</subfield>
   </datafield>
   <datafield ind2=" " ind1=" " tag="720">
      <subfield code="a">Carbonell-Barrachina, Ángel</subfield>
      <subfield code="e">author</subfield>
   </datafield>
   <datafield ind2=" " ind1=" " tag="720">
      <subfield code="a">Sendra, Esther</subfield>
      <subfield code="e">author</subfield>
   </datafield>
   <datafield ind2=" " ind1=" " tag="260">
      <subfield code="c">2025-05-15</subfield>
   </datafield>
   <datafield ind2=" " ind1=" " tag="520">
      <subfield code="a">Cinnamon adulteration represents a significant threat to food authenticity, consumer health and market integrity. This study aimed to analyse the presence of Ceylon and Cassia cinnamon in supermarkets across the province&#xd;
of Alicante (Spain) and identify markers to distinguish these species using spectrophotometry, chromatography,&#xd;
and sensory analysis. Cinnamomum zeylanicum, was characterized by malic, butyric, sugars and monoterpenes,&#xd;
while C. cassia by aldehydes, sesquiterpenes and coumarin. C. zeylanicum was mainly associated with “citrus”&#xd;
aroma and high intensity, while C. cassia with “sweet” aroma. Four out of 52 volatiles (β-phellandrene, d-3-&#xd;
carene, cryptone, and eugenol) were exclusive to C. zeylanicum and 9 (limonene, eucalyptol, endo-fenchol,&#xd;
Δ-elemene, cyclosativene, 7-epi-sesquithujene, bisabolene, α-calacorene, and cadalene) were exclusive to&#xd;
C. cassia ground cinnamon. Multivariate analysis revealed that only one of the 16 ground cinnamon samples from&#xd;
the Spanish market closely resembled C. zeylanicum, one was a mix of both, and the remaining were identified as&#xd;
C. cassia.</subfield>
   </datafield>
   <datafield ind1="8" ind2=" " tag="024">
      <subfield code="a">Lipan, Leontina, Marina Cano-Lamadrid, Hanán Issa-Issa, Carmen Muñoz, Francisca Hernández, Ángel Carbonell-Barrachina, and Esther Sendra. 2025. “Multivariate Analysis of Chemical Markers to Distinguish ‘Ceylon’ and "Cassia” Cinnamon in the Spanish Market.” Food Chemistry: X 28: 102484. doi: 10.1016/j.fochx.2025.102484</subfield>
   </datafield>
   <datafield ind1="8" ind2=" " tag="024">
      <subfield code="a">2590-1575</subfield>
   </datafield>
   <datafield ind1="8" ind2=" " tag="024">
      <subfield code="a">http://hdl.handle.net/20.500.12327/4607</subfield>
   </datafield>
   <datafield ind1="8" ind2=" " tag="024">
      <subfield code="a">https://doi.org/10.1016/j.fochx.2025.102484</subfield>
   </datafield>
   <datafield ind2="0" ind1="0" tag="245">
      <subfield code="a">Multivariate analysis of chemical markers to distinguish “Ceylon” and "Cassia” cinnamon in the Spanish market</subfield>
   </datafield>
</record></metadata></record></GetRecord></OAI-PMH>